JUNIOR FOOTBALL A COMPLETE COACHING GUIDE FOR THE YOUNG PLAYER (Record no. 360145)

MARC details
000 -LEADER
fixed length control field 00392nam a2200133Ia 4500
008 - FIXED-LENGTH DATA ELEMENTS--GENERAL INFORMATION
fixed length control field 230516s2002 xx 000 0 und d
041 ## - LANGUAGE CODE
Language code of text/sound track or separate title eng
082 ## - DEWEY DECIMAL CLASSIFICATION NUMBER
Classification number 796.334 WAR
100 ## - MAIN ENTRY--PERSONAL NAME
Personal name WARD ADAM
245 ## - TITLE STATEMENT
Title JUNIOR FOOTBALL A COMPLETE COACHING GUIDE FOR THE YOUNG PLAYER
260 ## - PUBLICATION, DISTRIBUTION, ETC.
Place of publication, distribution, etc. LONDON
Name of publisher, distributor, etc. BOUNTY BOOKS A DIVISION OF OCTOPUS PUBLISHING GROUP LTD.
Date of publication, distribution, etc. 2002
300 ## - PHYSICAL DESCRIPTION
Extent 128
650 ## - SUBJECT ADDED ENTRY--TOPICAL TERM
Topical term or geographic name entry element SPORT
Holdings
Withdrawn status Lost status Damaged status Not for loan Collection Home library Current library Shelving location Date acquired Source of acquisition Cost, normal purchase price Total Checkouts Full call number Barcode Date last seen Date last checked out Price effective from Koha item type
          College of Physical Education, Pune College of Physical Education, Pune R8/4 05/10/2010 UNICATE PUBLISHERS 1132.72 1 796.334 WAR PEP-MPED-16 03/10/2024 03/10/2024 16/05/2023 Book